| 000 | 00577nam a2200169 a 4500 | ||
|---|---|---|---|
| 001 | 23815 | ||
| 005 | 20180713221934.0 | ||
| 008 | 140415s1997 000 0 spa d | ||
| 020 | _a0803970617 | ||
| 041 | _aspa | ||
| 082 |
_a337 _bKEI |
||
| 100 | 1 | _aKEITH, NELSON W. | |
| 245 | 1 | 0 |
_aREFRAMING INTERNATIONAL DEVELOPMENT GLOBALISM, : _bPOSTMODERNITY AND DIFFERENCE |
| 260 |
_a[s.l.] : _bSAGE PUBLICATIONS, _c1997 |
||
| 300 | _a313 | ||
| 650 | 1 | 4 |
_aDESARROLLO ECONOMICO _xASPECTOS SOCIALES _xPOSTMODERNISMO _xASPECTOS SOCIALES _xRELACIONES ECONOMICAS INTERNACIONALES |
| 999 |
_c23815 _d23815 |
||